Statistiques concernant Classement du GP Explorer 2022

Cliquez ici pour prendre le quiz!

Statistiques générales

  • Ce quiz a été pris 609 fois
  • Le résultat moyen est 11 sur 22

Statistiques - réponses

HintRéponse% Correct
01Sylvain
96%
03Etienne
94%
02Depielo
91%
05Squeezie
80%
04LeBouseuh
75%
06Valouzz
59%
07Djilsi
54%
22Pierre
51%
08Manon
48%
21Xari
47%
19Deujna
44%
20Joyca
43%
11Gotaga
41%
14Amixem
37%
17Prime
35%
15Seb
35%
18Sofyan
34%
09Bibi
33%
10Dobby
31%
13Kaatsup
30%
16Domingo
27%
12TheoBabac
23%

Distribution des résultats

Percentile par nombre de réponses

% des personnes avec chaque résultat

Votre développement - résultats

Vous n’avez pas pris ce quiz